Организация информационно-библиотечного обслуживания вузовской библиотеки в электронной среде (на примере Научно-технической библиотеки Томского Политехнического университета): дипломная работа

Dettagli Bibliografici
Autore principale: Заева Е. А. Елена Анатольевна
Ente Autore: Кемеровский государственный университет культуры и искусств
Altri autori: Галактионова С. П. (научный руководитель)
Lingua:russo
Pubblicazione: Кемерово, 2006
Soggetti:
Natura: MixedMaterials Libro
KOHA link:https://koha.lib.tpu.ru/cgi-bin/koha/opac-detail.pl?biblionumber=68846

MARC

LEADER 00000nam0a2200000 4500
001 68846
005 20250522090548.0
035 |a (RuTPU)RU\TPU\book\73315 
090 |a 68846 
100 |a 20041011d2006 k y0rusy50 ca 
101 0 |a rus 
102 |a RU 
105 |a a z 001zy 
200 1 |a Организация информационно-библиотечного обслуживания вузовской библиотеки в электронной среде (на примере Научно-технической библиотеки Томского Политехнического университета)  |e дипломная работа  |f Е. А. Заева  |g Кемеровский государственный университет культуры и искусств; науч. рук. С. П. Галактионова 
210 |a Кемерово  |d 2006 
215 |a 69 л.  |c ил. 
320 |a Библиогр.: с. 51-59. 
610 1 |a библиотеки 
610 1 |a библиотечное дело 
610 1 |a библиотечное обслуживание 
610 1 |a информационное обслуживание 
610 1 |a вузовские библиотеки 
610 1 |a ТПУ 
610 1 |a информационные технологии 
610 1 |a дипломные работы 
686 |a Ч735.27  |2 rubbk 
700 1 |a Заева  |b Е. А.  |g Елена Анатольевна  |f 1973-  |c библиотекарь  |c начальник отдела библиографической информации и консультаций НТБ Томского политехнического университета  |y Томск  |9 22052 
702 1 |a Галактионова  |b С. П.  |4 727 
712 0 2 |a Кемеровский государственный университет культуры и искусств  |3 (RuTPU)RU\TPU\col\9162  |9 24652 
801 1 |a RU  |b 63413507  |c 20041011  |g PSBO 
801 2 |a RU  |b 63413507  |c 20120705  |g PSBO 
850 |a 63413507 
942 |c BK